00475nam a2200169Ia 4500008004100000020001500041040001800056041000800074100004100082245003300123260004300156300001800199504002100217650002300238650002400261650002000285130821s1998 sp gr spa  a8484032922 aCo-BoUCMbspa00aspa1 aHugo, Victor Marie, Conded1802-188514aLos miserablescVictor Hugo. aMadrid (España)bEdimat Librosc1998 a714 páginas aIncluye índice04aLiteratura europea04aLiteratura francesa04aNovela francesa